| 000 | 01106nam a2200217Ia 4500 | ||
|---|---|---|---|
| 999 |
_c38178 _d38178 |
||
| 001 | 4168 | ||
| 003 | GE_BSU | ||
| 005 | 20190930150129.0 | ||
| 008 | 181216s1990||||ge |||||||||||||| ||geo|| | ||
| 040 | _cGE_BSU | ||
| 041 | _ageo | ||
| 080 | _a316+314 ს–74 | ||
| 245 |
_aსოციოლოგიისა და დემოგრაფიის პრობლემები : _bკრ. 3. _cსარედ. კოლეგია: ლ. ჩიქავა, ა. სულაბერიძე, იზ. აბაშიძე. |
||
| 264 |
_aთბ.: _bმეცნიერება, _c1990. |
||
| 300 |
_a176 გვ. ; _b21 სმ. |
||
| 653 | _aსოციოლოგიისა და დემოგრაფიის პრობლემები. III. | ||
| 700 |
_aჩიქავა, ლ. _eრედაქტორი _94391 |
||
| 700 |
_aსულაბერიძე, ა. _eრედაქტორი _94392 |
||
| 710 |
_aსაქ. სსრ მეცნ. აკად., ეკონომიკისა და სამართლის ინ-ტი. _94393 |
||
| 942 |
_cBK _2udc |
||